Racionalidad e imaginación. Transposiciones del cuerpo y de la mente en los cuentos de José Donoso
Gardado en:
| Autor Principal: | |
|---|---|
| Formato: | Libro |
| Idioma: | Lingua castelá |
| Publicado: |
Madrid
Pliegos
2001
|
| Subjects: | |
| Tags: |
Engadir etiqueta
Sen Etiquetas, Sexa o primeiro en etiquetar este rexistro!
|
MARC
| LEADER | 00000nam a2200000 a 4500 | ||
|---|---|---|---|
| 001 | UCK0041 | ||
| 003 | CL-VaPUC | ||
| 008 | 040910e20010000SP |||||||||||||||||spa|d | ||
| 020 | |a 8488435592 | ||
| 082 | 0 | 4 | |a Ch861.9 |b HOL |2 21 |
| 100 | |a Holas Véliz, Sergio |e author |9 570824 | ||
| 245 | 1 | 0 | |a Racionalidad e imaginación. Transposiciones del cuerpo y de la mente en los cuentos de José Donoso |
| 300 | |a 416 p | ||
| 942 | |c BK | ||
| 945 | |d 20040910 00:00:00 |a cmena | ||
| 260 | |a Madrid |b Pliegos |c 2001 | ||
| 650 | 0 | |a Cuento chileno |9 352824 | |
| 650 | 0 | |a Literatura chilena |9 308278 | |
| 650 | 0 | |a Crítica e interpretación literaria |9 266284 | |
| 583 | |a last modification |c 20130306 09:22:58 |k Rodrigo Vera | ||
| 999 | |c 310612 |d 310610 | ||
| 952 | |0 0 |1 0 |4 0 |6 CH_861_900000000000000_HOL_2001 |7 0 |8 A |9 379328 |a FDOPOS |b FDOPOS |d 2019-11-21 |i 4062469 |o Ch861.9 HOL 2001 |p 4062469 |r 2025-01-22 |w 2019-11-21 |y BK |k MLH | ||
| 952 | |0 0 |1 0 |4 0 |6 CH_861_900000000000000_HOL_2001 |7 0 |8 A |9 379329 |a FDOPOS |b FDOPOS |d 2019-11-21 |i 4062477 |o Ch861.9 HOL 2001 |p 4062477 |r 2025-01-22 |w 2019-11-21 |y BK |k MLH | ||
| 952 | |0 0 |1 0 |4 0 |6 CH_861_900000000000000_HOL_2001 |7 0 |8 A |9 379330 |a BIBEDU |b BIBEDU |d 2019-11-21 |i 4473965 |l 1 |o Ch861.9 HOL 2001 |p 4473965 |r 2023-08-21 |s 2023-08-21 |w 2019-11-21 |y BK |k LIT | ||
| 952 | |0 0 |1 0 |4 0 |6 CH_861_900000000000000_HOL_2001 |7 0 |8 A |9 379331 |a BIBEDU |b BIBEDU |d 2019-11-21 |i 4473973 |l 2 |o Ch861.9 HOL 2001 |p 4473973 |r 2023-05-22 |s 2023-05-15 |w 2019-11-21 |y BK |k LIT | ||